Statistics for Massachusetts Counties Quiz

Click here to take the quiz!

General Stats

  • This quiz has been taken 6,253 times
  • The average score is 9 of 14

Answers on the Map

Answers color-coded by a green-red scale on the quiz's map according to % correct below.
 

Answer Stats

County% Correct
Worcester
81%
Essex
76%
Suffolk
76%
Middlesex
75%
Nantucket
74%
Plymouth
70%
Berkshire
68%
Barnstable
67%
Norfolk
67%
Hampshire
57%
Franklin
55%
Bristol
54%
Dukes
54%
Hampden
53%

Score Distribution

Percentile by Number Answered

Percent of People with Each Score

Your Score History

You have not taken this quiz